000 00425nam a2200157Ia 4500
008 221030s9999 xx 000 0 und d
041 _aEnglish
082 _a105.23
_bMot
100 _aS. Motewar
245 0 _aComputer For Beginners with Introduction to BASIC
_cby S. Motewar, S. Domkundwar
260 _bDhanpat Rai Pub
_aDelhi
_c2000
300 _a16.38
650 _aBE Computer
700 _aS. Domkundwar
942 _cBK
999 _c2462
_d2462